Édouard Louis, En finir avec Eddy Bellegueule, Paris, Seuil, 2014, 220 pages. (Édouard Louis, O fim de Eddy Bellegueule, trad. António Guerreiro, Lisbonne, Fumo Editora, 2014) (notice n° 1605311)
[ vue normale ]
| 000 -LEADER | |
|---|---|
| fixed length control field | 01220cam a2200181 4500500 |
| 005 - DATE AND TIME OF LATEST TRANSACTION | |
| control field | 20251228095011.0 |
| 041 ## - LANGUAGE CODE | |
| Language code of text/sound track or separate title | fre |
| 042 ## - AUTHENTICATION CODE | |
| Authentication code | dc |
| 100 10 - MAIN ENTRY--PERSONAL NAME | |
| Personal name | Motoret, Laurence |
| Relator term | author |
| 245 00 - TITLE STATEMENT | |
| Title | Édouard Louis, En finir avec Eddy Bellegueule, Paris, Seuil, 2014, 220 pages. (Édouard Louis, O fim de Eddy Bellegueule, trad. António Guerreiro, Lisbonne, Fumo Editora, 2014) |
| 260 ## - PUBLICATION, DISTRIBUTION, ETC. | |
| Date of publication, distribution, etc. | 2015.<br/> |
| 500 ## - GENERAL NOTE | |
| General note | 75 |
| 520 ## - SUMMARY, ETC. | |
| Summary, etc. | Les nus traversent l’œuvre de Marcel Duchamp. En mouvement ou immobiles, fantomatiques ou lourdes machineries, que nous disent ces corps sans visages d’un artiste très cérébral ? |
| 520 ## - SUMMARY, ETC. | |
| Summary, etc. | There are nudes throughout Marcel Duchamp’s work. Whether they are moving or motionless, phantoms or heavy machines, what do those faceless bodies tell us about this very cerebral artist? |
| 520 ## - SUMMARY, ETC. | |
| Summary, etc. | Os nus percorrem a obra de Marcel Duchamp. Imóveis ou em movimento, fantasmáticos ou assumindo os contornos de uma maquinaria pesada, o que revelam esses corpos sem rosto de um artista iminentemente cerebral? |
| 786 0# - DATA SOURCE ENTRY | |
| Note | Sigila | 35 | 1 | 2015-03-01 | p. 171a-172a | 1286-1715 |
| 856 41 - ELECTRONIC LOCATION AND ACCESS | |
| Uniform Resource Identifier | <a href="https://shs.cairn.info/revue-sigila-2015-1-page-171a?lang=fr&redirect-ssocas=7080">https://shs.cairn.info/revue-sigila-2015-1-page-171a?lang=fr&redirect-ssocas=7080</a> |
Pas d'exemplaire disponible.




Réseaux sociaux